000 00758cam a22002413a 4500
001 12631
003 PGUSA
005 20140828083255.0
008 040601s2004||||xxu|||||s|||||000 1 eng d
040 _aPGUSA
_beng
042 _adc
050 4 _aPZ
100 1 _aAndrews, Jane,
_d1833-1887
245 1 4 _aThe Seven Little Sisters Who Live on the Round Ball That Floats in the Air
_h[electronic resource] /
_cJane Andrews
260 _bProject Gutenberg,
_c2004
506 _aPublic domain in the USA.
516 _aElectronic text
653 _aManners and customs -- Juvenile fiction
653 _aNational characteristics -- Juvenile fiction
830 0 _aProject Gutenberg
_v12631
856 4 0 _uhttp://www.gutenberg.org/ebooks/12631
942 _cEB
999 _c241886
_d241886